000
00311nam a2200133Ia 4500
001
8919
003
GE_BSU
008
181216s||||||||xx |||||||||||||| ||und||
040
_c
GE_BSU
245
4
_a
The Economist, february 22ND-28th 2014
245
_b
Number 8875.Volume 410
653
_a
The Economist
942
_c
CR
999
_c
42224
_d
42224